书目信息 |
| 题名: |
农产品加工与贮藏保鲜技术
|
|
| 作者: | 刘丽红 , 李涛 , 姜海军 主编 | |
| 分册: | ||
| 出版信息: | 北京 中国农业科学技术出版社 2019.02 |
|
| 页数: | 174页 | |
| 开本: | 21cm | |
| 丛书名: | ||
| 单 册: | ||
| 中图分类: | S37 | |
| 科图分类: | ||
| 主题词: | 农产品加工--nong chan pin jia gong--培训--教材 , 农产品--nong chan pin--贮藏--培训--教材 , 农产品--nong chan pin--保鲜--培训--教材 | |
| 电子资源: | ||
| ISBN: | 978-7-5116-4041-3 | |
| 000 | 01124nam0 2200289 450 | |
| 001 | 0106081736 | |
| 005 | 20201106082042.0 | |
| 010 | @a978-7-5116-4041-3@dCNY38.90 | |
| 100 | @a20190703d2019 em y0chiy50 ea | |
| 101 | 0 | @achi |
| 102 | @aCN@b110000 | |
| 105 | @ay z 000yy | |
| 106 | @ar | |
| 200 | 1 | @a农产品加工与贮藏保鲜技术@Anong chan pin jia gong yu zhu cang bao xian ji shu@f刘丽红, 李涛, 姜海军主编 |
| 210 | @a北京@c中国农业科学技术出版社@d2019.02 | |
| 215 | @a174页@d21cm | |
| 300 | @a乡村振兴战略之乡村人才振兴农民培训精品教材新版 | |
| 330 | @a本书分“农产品加工”“农产品贮藏保鲜”两篇,主要内容包括:粮油加工;果蔬加工;肉制品加工;水产品加工;粮油贮藏保鲜技术;果蔬贮藏保鲜技术;畜禽产品贮藏保鲜技术;水产品贮藏保鲜八章。 | |
| 606 | 0 | @a农产品加工@Anong chan pin jia gong@x培训@j教材 |
| 606 | 0 | @a农产品@Anong chan pin@x贮藏@x培训@j教材 |
| 606 | 0 | @a农产品@Anong chan pin@x保鲜@x培训@j教材 |
| 690 | @aS37@v5 | |
| 701 | 0 | @a刘丽红@Aliu li hong@4主编 |
| 701 | 0 | @a李涛@Ali tao@4主编 |
| 701 | 0 | @a姜海军@Ajiang hai jun@4主编 |
| 801 | 0 | @aCN@bBJSZM@c20201106 |
| 905 | @b1190316-9@dS37@e67@f4 | |
| 农产品加工与贮藏保鲜技术/刘丽红, 李涛, 姜海军主编.-北京:中国农业科学技术出版社,2019.02 |
| 174页;21cm |
| 乡村振兴战略之乡村人才振兴农民培训精品教材新版 |
| ISBN 978-7-5116-4041-3:CNY38.90 |
| 本书分“农产品加工”“农产品贮藏保鲜”两篇,主要内容包括:粮油加工;果蔬加工;肉制品加工;水产品加工;粮油贮藏保鲜技术;果蔬贮藏保鲜技术;畜禽产品贮藏保鲜技术;水产品贮藏保鲜八章。 |
| ● |
| 相关链接 |
|
|
|
|
正题名:农产品加工与贮藏保鲜技术
索取号:S37/67
 
预约/预借
| 序号 | 登录号 | 条形码 | 馆藏地/架位号 | 状态 | 备注 |
| 1 | 1190316 | 211903163 | 第二样本阅览室/ [索取号:S37/67] | 在馆 | |
| 2 | 1190317 | 211903172 | 第三借阅区/ [索取号:S37/67] | 在馆 | |
| 3 | 1190318 | 211903181 | 第三借阅区/ [索取号:S37/67] | 在馆 | |
| 4 | 1190319 | 211903190 | 第三借阅区/ [索取号:S37/67] | 在馆 |